000 00620nam a2200229Ia 4500
003 OSt
005 20220924122117.0
006 a|||||r|||| 00| 0
007 ta
008 220923b |||||||| |||| 00| 0 urd d
024 _a267279
037 _cTextual
040 _aARTS
_cARTS
_burd
041 _2urd
_aurd
082 _aV2:1.L2, 168H0
100 _aShafi Mohammad Au.
_9176276
245 0 _aTareekh-e-Hind
260 _aLahore
_bHonhar book depot Pakistan
_c1940
650 _aINDIA - HISTORY
942 _hV2:1.L2, 168H0
_cTEXL
_2CC
999 _c410305
_d410305